[Event "BCF-chT2 2223 (4NCL)"]
[Site "England"]
[Date "2023.05.01"]
[Round "11.46"]
[White "Waller, Dan"]
[Black "Hansen, Hans Peter"]
[Result "0-1"]
[WhiteElo "2164"]
[BlackElo "2154"]
[PlyCount "160"]
[EventDate "2022.10.22"]
[EventType "team-tourn"]
[EventRounds "11"]
[EventCountry "ENG"]
[SourceTitle "EXT 2024"]
[Source "ChessBase"]
[SourceDate "2023.10.10"]
[SourceVersion "1"]
[SourceVersionDate "2023.10.10"]
[SourceQuality "1"]
[WhiteTeam "Schach Attack"]
[BlackTeam "Oxford"]
[WhiteTeamCountry "ENG"]
[BlackTeamCountry "ENG"]

1. e4 c6 2. d4 d5 3. e5 Bf5 4. h4 h5 5. Bd3 Bxd3 6. Qxd3 Qa5+ 7. Nd2 e6 8. Ngf3 Nh6 9. 0-0 Nf5 10. c4 Nd7 11. a3 Qa6 12. Qc3 Be7 13. g3 dxc4 14. Nxc4 Nb6 15. b3 Nd5 16. Qc2 c5 17. dxc5 Bxc5 18. Rd1 0-0 19. Bb2 Rac8 20. Qd2 b5 21. Nd6 Nxd6 22. exd6 Qxd6 23. Qg5 f6 24. Qg6 Qc7 25. Nd4 Bxd4 26. Bxd4 Qf7 27. Qd3 Rb8 28. Bc5 Rfc8 29. b4 Rb7 30. a4 a5 31. axb5 axb4 32. Rdb1 Qe8 33. Bxb4 Qxb5 34. Qxb5 Rxb5 35. Bd6 Rxb1+ 36. Rxb1 Rd8 37. Bc5 Rd7 38. Rb3 Kf7 39. Kg2 Kg6 40. Kf3 Rc7 41. Be3 Kf5 42. Ra3 Rc3 43. Rxc3 Nxc3 44. Bd4 Nd5 45. Ba7 e5 46. Bc5 Nc7 47. Bb6 Nd5 48. Bc5 e4+ 49. Kg2 Kg4 50. Bf8 g6 51. Bc5 f5 52. Bd6 f4 53. Bc5 fxg3 54. fxg3 e3 55. Bd6 e2 56. Kf2 Nc3 57. Bb4 Ne4+ 58. Kxe2 Nxg3+ 59. Kf2 Nf5 60. Kg2 Nxh4+ 61. Kh2 g5 62. Ba5 Nf3+ 63. Kg2 h4 64. Bc7 Nd4 65. Be5 Ne6 66. Bd6 Nf4+ 67. Kh2 Kf5 68. Be7 Ng6 69. Bd8 g4 70. Bc7 Nf4 71. Bd8 g3+ 72. Kh1 Kg4 73. Bc7 h3 74. Bb6 Kf3 75. Ba7 Nd3 76. Kg1 h2+ 77. Kh1 Nf2+ 78. Bxf2 gxf2 79. Kxh2 f1R 80. Kh3 Rh1# 0-1

[Event "BCF-chT 2122 (4NCL)"]
[Site "England"]
[Date "2021.11.27"]
[Round "1.114"]
[White "McPhillips, Karl"]
[Black "Hansen, Hans Peter"]
[Result "1/2-1/2"]
[WhiteElo "2223"]
[BlackElo "2163"]
[PlyCount "76"]
[EventDate "2021.11.27"]
[EventType "team-swiss"]
[EventRounds "11"]
[EventCountry "ENG"]
[SourceTitle "EXT 2023"]
[Source "ChessBase"]
[SourceDate "2022.10.05"]
[SourceVersion "1"]
[SourceVersionDate "2022.10.05"]
[SourceQuality "1"]
[WhiteTeam "Gonzaga"]
[BlackTeam "Oxford"]
[WhiteTeamCountry "ENG"]
[BlackTeamCountry "ENG"]

1. d4 Nf6 2. c4 c5 3. d5 b5 4. cxb5 a6 5. b6 e6 6. Nc3 exd5 7. Nxd5 Nxd5 8. Qxd5 Nc6 9. Nf3 Be7 10. Ne5 0-0 11. Nxc6 dxc6 12. Qxd8 Bxd8 13. g3 Rb8 14. Bd2 Rxb6 15. Bc3 Bf6 16. Bxf6 gxf6 17. b3 Be6 18. Bg2 c4 19. 0-0 cxb3 20. axb3 Bxb3 21. Rfc1 Re8 22. e3 Bd5 23. Bf1 Ra8 24. Ra5 Rab8 25. Bd3 Rb3 26. Bf5 R8b6 27. h4 R3b5 28. Rca1 Bf3 29. g4 h5 30. Kh2 Bxg4 31. Bxg4 hxg4 32. Kg3 f5 33. Rxa6 Rxa6 34. Rxa6 Rc5 35. Kf4 Rc2 36. Kxf5 Rxf2+ 37. Kxg4 Rf6 38. e4 Kg7 1/2-1/2

[Event "BCF-chT1a 1819 (4NCL)"]
[Site "England"]
[Date "2019.03.16"]
[Round "7.46"]
[White "Griffiths, Ryan Rhys"]
[Black "Hansen, Hans Peter"]
[Result "1-0"]
[WhiteElo "2359"]
[BlackElo "2177"]
[PlyCount "55"]
[EventDate "2018.11.10"]
[EventType "team-tourn"]
[EventRounds "7"]
[EventCountry "ENG"]
[SourceTitle "CBM 189 Extra"]
[Source "ChessBase"]
[SourceDate "2019.06.03"]
[SourceVersion "1"]
[SourceVersionDate "2019.06.03"]
[SourceQuality "1"]
[WhiteTeam "Barbican"]
[BlackTeam "Oxford"]
[WhiteTeamCountry "ENG"]
[BlackTeamCountry "ENG"]

1. d4 Nf6 2. c4 c5 3. d5 b5 4. Qc2 bxc4 5. e4 e6 6. Bxc4 exd5 7. exd5 d6 8. Nc3 Be7 9. Nf3 0-0 10. 0-0 Nbd7 11. h3 Nb6 12. b3 Bb7 13. Rd1 Ne8 14. Bf4 Nc7 15. Rd2 Rb8 16. Re1 Re8 17. Qd3 Qd7 18. Rde2 h6 19. Nd2 Bf8 20. Nde4 f5 21. Nxc5 Rxe2 22. Rxe2 dxc5 23. Bxc7 Rc8 24. Bxb6 axb6 25. Re6 Bd6 26. Qxf5 Rf8 27. Qg6 Bf4 28. d6 1-0

[Event "BCF-chT2b 1314 (4NCL)"]
[Site "England"]
[Date "2013.11.17"]
[Round "2.63"]
[White "Burnett, Jim"]
[Black "Hansen, Hans Peter"]
[Result "1-0"]
[WhiteElo "2124"]
[BlackElo "2238"]
[PlyCount "95"]
[EventDate "2013.11.16"]
[EventType "team-swiss"]
[EventRounds "11"]
[EventCountry "ENG"]
[SourceTitle "CBM 157 Extra"]
[Source "ChessBase"]
[SourceDate "2013.12.19"]
[SourceVersion "1"]
[SourceVersionDate "2013.12.19"]
[SourceQuality "1"]
[WhiteTeam "White Rose II"]
[BlackTeam "BCM Dragons"]
[WhiteTeamCountry "ENG"]
[BlackTeamCountry "ENG"]

1. d4 Nf6 2. c4 c5 3. Nf3 cxd4 4. Nxd4 b6 5. Nc3 Bb7 6. Bg5 a6 7. Qc2 d6 8. e4 Nbd7 9. Be2 e6 10. 0-0 Be7 11. Rac1 0-0 12. Qb1 Re8 13. Be3 Qc7 14. Rfd1 Rac8 15. b3 Qb8 16. f3 Bf8 17. Bf2 Be7 18. Qb2 Bd8 19. Qd2 Bc7 20. g3 Rcd8 21. Nc2 Ne5 22. Ne3 h5 23. Qc2 Bc6 24. b4 Rc8 25. Qb3 b5 26. a4 bxc4 27. Nxc4 Nxc4 28. Bxc4 Bb6 29. b5 Bxf2+ 30. Kxf2 axb5 31. axb5 Qb6+ 32. Kg2 Ba8 33. Na4 Qb8 34. b6 Bc6 35. Bb5 Bxb5 36. Qxb5 Rxc1 37. Rxc1 Re7 38. Rc6 Kh7 39. Qd3 e5 40. Rxd6 Qc8 41. Nb2 Rd7 42. Nc4 Rxd6 43. Nxd6 Qd8 44. b7 Qc7 45. Qb3 Nd7 46. Nxf7 Nb8 47. Ng5+ Kg6 48. Qe6+ 1-0

[Event "BCF-chT1d 1213 (4NCL) Demotion pool"]
[Site "England"]
[Date "2013.05.04"]
[Round "9.185"]
[White "Hansen, Hans Peter"]
[Black "Jameson, David"]
[Result "1-0"]
[WhiteElo "2207"]
[BlackElo "2143"]
[PlyCount "129"]
[EventDate "2012.11.03"]
[EventType "team-tourn"]
[EventRounds "4"]
[EventCountry "ENG"]
[SourceTitle "EXT 2014"]
[Source "ChessBase"]
[SourceDate "2013.11.20"]
[SourceVersion "1"]
[SourceVersionDate "2013.11.20"]
[SourceQuality "1"]
[WhiteTeam "BCM Dragons"]
[BlackTeam "South Wales Dragons"]
[WhiteTeamCountry "ENG"]
[BlackTeamCountry "ENG"]

1. Nf3 d5 2. c4 d4 3. g3 c5 4. b4 cxb4 5. a3 bxa3 6. Bxa3 Nc6 7. d3 g6 8. Bg2 Nf6 9. Nbd2 e5 10. Bxf8 Kxf8 11. 0-0 Kg7 12. Qa4 Re8 13. Ng5 Qc7 14. Rfb1 Re7 15. Qa3 Bg4 16. Rxb7 Qxb7 17. Bxc6 Qxc6 18. Qxe7 Qd7 19. Qxd7 Nxd7 20. f3 Bf5 21. g4 h6 22. Nxf7 Kxf7 23. gxf5 gxf5 24. Ra6 h5 25. Nb3 Nb8 26. Ra5 Nc6 27. Rc5 Rg8+ 28. Kf2 Rg6 29. f4 Re6 30. Na5 Nxa5 31. Rxa5 Kf6 32. fxe5+ Rxe5 33. Rxa7 Re3 34. Rd7 Rh3 35. Kg2 Re3 36. Rxd4 Rxe2+ 37. Kg3 h4+ 38. Kxh4 Rxh2+ 39. Kg3 Rc2 40. Rd8 Ke7 41. Rd5 Ke6 42. Kf3 Rc1 43. Rd8 Ke7 44. Rd4 Ke6 45. Rd5 Rc2 46. Ra5 Rc1 47. Kf4 Rf1+ 48. Ke3 Re1+ 49. Kd2 Rb1 50. d4 Rb2+ 51. Ke3 Rb1 52. Ra6+ Kd7 53. c5 Re1+ 54. Kf3 Re4 55. d5 Rc4 56. Ra7+ Kd8 57. c6 Kc8 58. Rf7 Rd4 59. Rxf5 Kc7 60. Ke3 Rc4 61. Kd3 Ra4 62. Rf7+ Kd8 63. d6 Ke8 64. Re7+ Kf8 65. c7 1-0

[Event "BCF-chT1a 1213 (4NCL)"]
[Site "England"]
[Date "2013.03.23"]
[Round "7.125"]
[White "Hansen, Hans Peter"]
[Black "Hamitevici, Vladimir"]
[Result "0-1"]
[WhiteElo "2207"]
[BlackElo "2440"]
[PlyCount "68"]
[EventDate "2012.11.03"]
[EventType "team-tourn"]
[EventRounds "7"]
[EventCountry "ENG"]
[SourceTitle "EXT 2014"]
[Source "ChessBase"]
[SourceDate "2013.11.20"]
[SourceVersion "1"]
[SourceVersionDate "2013.11.20"]
[SourceQuality "1"]
[WhiteTeam "BCM Dragons"]
[BlackTeam "Cheddleton"]
[WhiteTeamCountry "ENG"]
[BlackTeamCountry "ENG"]

1. c4 c5 2. g3 g6 3. Bg2 Bg7 4. Nc3 Nc6 5. Nf3 Nh6 6. h4 d6 7. d3 Bd7 8. Bd2 Ng4 9. h5 Rb8 10. Rb1 a6 11. h6 Bf6 12. Ne4 0-0 13. a3 Bh8 14. b4 cxb4 15. axb4 b5 16. c5 d5 17. Nc3 e6 18. Qb3 a5 19. bxa5 b4 20. Na4 Qxa5 21. Nb6 Qxc5 22. Nxd7 Qxf2+ 23. Kd1 Qxg2 24. Rg1 Qf2 25. Re1 Qa7 26. Nxb8 Nf2+ 27. Kc2 Rc8 28. Bc3 Qxb8 29. Bxh8 Nd4+ 30. Kd2 Nxb3+ 31. Rxb3 Kxh8 32. Reb1 Qc7 33. Rxb4 Qc3+ 34. Ke3 Nd1+ 0-1

[Event "BCF-chT2c 1112 (4NCL)"]
[Site "England"]
[Date "2012.05.07"]
[Round "11.213"]
[White "Hansen, Hans Peter"]
[Black "Burrows, Martin P"]
[Result "0-1"]
[WhiteElo "2215"]
[BlackElo "2152"]
[PlyCount "82"]
[EventDate "2011.11.12"]
[EventType "team-swiss"]
[EventRounds "11"]
[EventCountry "ENG"]
[SourceTitle "EXT 2013"]
[Source "ChessBase"]
[SourceDate "2012.11.22"]
[SourceVersion "1"]
[SourceVersionDate "2012.11.22"]
[SourceQuality "1"]
[WhiteTeam "AMCA Dragons"]
[BlackTeam "Pandoras Box"]
[WhiteTeamCountry "ENG"]
[BlackTeamCountry "ENG"]

1. c4 Nf6 2. Nc3 e6 3. e4 c5 4. e5 Ng8 5. Nf3 Nc6 6. d4 cxd4 7. Nxd4 Nxe5 8. Ndb5 a6 9. Nd6+ Bxd6 10. Qxd6 f6 11. Be3 Ne7 12. Bb6 Nf5 13. Qc5 Qe7 14. Qxe7+ Kxe7 15. Be2 h5 16. 0-0-0 d6 17. f4 Nd7 18. Bf2 b6 19. Bd3 g6 20. Rhe1 Bb7 21. g3 Rac8 22. Kb1 Rhd8 23. Rd2 Bf3 24. Nd5+ Kf7 25. Nxb6 Rb8 26. Nxd7 Rxd7 27. Rc1 e5 28. c5 d5 29. c6 Rc7 30. Bxa6 d4 31. Bd3 Rxc6 32. Re1 Rc5 33. Rc2 Rxc2 34. Kxc2 Ke6 35. Bc4+ Bd5 36. b3 Rc8 37. Kd3 Bxc4+ 38. bxc4 Ra8 39. Rb1 Ra3+ 40. Rb3 Rxa2 41. Rb6+ Kf7 0-1

[Event "BCF-chT2c 1112 (4NCL)"]
[Site "England"]
[Date "2012.05.06"]
[Round "10.224"]
[White "Hansen, Hans Peter"]
[Black "Burnett, Jim"]
[Result "1/2-1/2"]
[WhiteElo "2215"]
[BlackElo "2137"]
[PlyCount "61"]
[EventDate "2011.11.12"]
[EventType "team-swiss"]
[EventRounds "11"]
[EventCountry "ENG"]
[SourceTitle "EXT 2013"]
[Source "ChessBase"]
[SourceDate "2012.11.22"]
[SourceVersion "1"]
[SourceVersionDate "2012.11.22"]
[SourceQuality "1"]
[WhiteTeam "AMCA Dragons"]
[BlackTeam "White Rose II"]
[WhiteTeamCountry "ENG"]
[BlackTeamCountry "ENG"]

1. c4 e6 2. Nf3 d5 3. g3 Nf6 4. Bg2 Be7 5. 0-0 0-0 6. d4 c6 7. Qc2 Nbd7 8. Nbd2 b6 9. e4 dxe4 10. Nxe4 Bb7 11. Rd1 Nxe4 12. Qxe4 Qc7 13. Bf4 Bd6 14. Bxd6 Qxd6 15. c5 Qe7 16. Rac1 Rfd8 17. b4 bxc5 18. bxc5 Nf6 19. Qe2 Nd5 20. Qd2 Qc7 21. Bf1 a5 22. Ne5 Ba6 23. Bxa6 Rxa6 24. Rb1 Raa8 25. Rb2 Rdb8 26. Rdb1 Rxb2 27. Qxb2 f6 28. Nc4 a4 29. a3 h6 30. Qe2 e5 31. Nb6 1/2-1/2

[Event "BCF-chT2b 1112 (4NCL)"]
[Site "England"]
[Date "2012.02.11"]
[Round "5.5"]
[White "Pitcher, John"]
[Black "Hansen, Hans Peter"]
[Result "1/2-1/2"]
[WhiteElo "2205"]
[BlackElo "2215"]
[PlyCount "93"]
[EventDate "2011.11.12"]
[EventType "team-match"]
[EventRounds "7"]
[EventCountry "ENG"]
[SourceTitle "EXT 2013"]
[Source "ChessBase"]
[SourceDate "2012.11.22"]
[SourceVersion "1"]
[SourceVersionDate "2012.11.22"]
[SourceQuality "1"]
[WhiteTeam "Warwicks Select"]
[BlackTeam "AMCA Dragons"]
[WhiteTeamCountry "ENG"]
[BlackTeamCountry "ENG"]

1. e4 d5 2. exd5 Qxd5 3. Nc3 Qa5 4. d4 c6 5. Nf3 Nf6 6. Bd2 Bf5 7. Ne4 Qb6 8. Nxf6+ gxf6 9. b4 e6 10. a3 Nd7 11. g3 Bg7 12. Bg2 0-0 13. 0-0 Bg6 14. Re1 Rad8 15. Be3 Qc7 16. Nh4 Rfe8 17. c3 a5 18. Qb3 Ra8 19. c4 a4 20. Qa2 Rac8 21. Rac1 Qd6 22. Red1 Bh5 23. Rd2 f5 24. Qc2 Nf6 25. Bf4 Qd7 26. Be5 Red8 27. Qb2 Qe7 28. Rdc2 Ne8 29. d5 cxd5 30. Bxg7 Nxg7 31. cxd5 Rxc2 32. Rxc2 exd5 33. Qxg7+ Kxg7 34. Nxf5+ Kf6 35. Nxe7 Kxe7 36. Rc5 Ke6 37. f4 Bd1 38. Kf2 Bb3 39. Ke3 Kd6 40. Rc1 Re8+ 41. Kd2 Re7 42. Bf3 d4 43. Be2 Bd5 44. Bd3 h5 45. Rc8 h4 46. Rd8+ Kc6 47. b5+ 1/2-1/2

[Event "BCF-chT2b 1112 (4NCL)"]
[Site "England"]
[Date "2012.01.15"]
[Round "4.6"]
[White "Connor, Stephen J"]
[Black "Hansen, Hans Peter"]
[Result "1/2-1/2"]
[WhiteElo "2069"]
[BlackElo "2215"]
[PlyCount "30"]
[EventDate "2011.11.12"]
[EventType "team-match"]
[EventRounds "7"]
[EventCountry "ENG"]
[SourceTitle "EXT 2013"]
[Source "ChessBase"]
[SourceDate "2012.11.22"]
[SourceVersion "1"]
[SourceVersionDate "2012.11.22"]
[SourceQuality "1"]
[WhiteTeam "Spirit of Atticus"]
[BlackTeam "AMCA Dragons"]
[WhiteTeamCountry "ENG"]
[BlackTeamCountry "ENG"]

1. e4 c5 2. Nf3 g6 3. c3 d5 4. exd5 Qxd5 5. d4 Bg7 6. dxc5 Qxc5 7. Be3 Qa5 8. Bc4 Nf6 9. h3 0-0 10. Qb3 Nbd7 11. 0-0 Nb6 12. Bxb6 Qxb6 13. Qxb6 axb6 14. Re1 e6 15. Na3 Bd7 1/2-1/2

[Event "Mecklenburg VP-ch Seniors op 09th"]
[Site "Binz"]
[Date "2009.12.01"]
[Round "1.31"]
[White "Hansen, Hans Peter"]
[Black "Vogel, Gerhard"]
[Result "1-0"]
[WhiteElo "1874"]
[BlackElo "1513"]
[PlyCount "49"]
[EventDate "2009.12.01"]
[EventType "swiss"]
[EventRounds "9"]
[EventCountry "GER"]
[SourceTitle "EXT 2022"]
[Source "ChessBase"]
[SourceDate "2021.10.06"]
[SourceVersion "1"]
[SourceVersionDate "2021.10.06"]
[SourceQuality "1"]

1. e4 c5 2. c3 d5 3. exd5 Qxd5 4. d4 cxd4 5. cxd4 Nc6 6. Nf3 e6 7. Nc3 Bb4 8. Bd3 Qa5 9. Qb3 Nge7 10. 0-0 0-0 11. Be3 Qd8 12. Ne4 Nf5 13. Ng3 Nxg3 14. hxg3 h6 15. Ne5 Ba5 16. Rfd1 Nb4 17. Bb1 Nd5 18. Qd3 Nf6 19. Ng4 Re8 20. Nxf6+ Qxf6 21. Qh7+ Kf8 22. d5 Ke7 23. Bc5+ Kd7 24. dxe6+ Kxe6 25. Rd6+ 1-0

[Event "BCF-chT2 0607 (4NCL)"]
[Site "Sunningdale"]
[Date "2006.09.16"]
[Round "1.6"]
[White "Chevannes, Sabrina"]
[Black "Hansen, Hans Peter"]
[Result "1/2-1/2"]
[WhiteElo "2080"]
[BlackElo "2211"]
[PlyCount "48"]
[EventDate "2006.09.16"]
[EventType "team"]
[EventRounds "11"]
[EventCountry "ENG"]
[SourceTitle "CBM 115 Extra"]
[Source "ChessBase"]
[SourceDate "2007.01.10"]
[SourceVersion "1"]
[SourceVersionDate "2007.01.10"]
[SourceQuality "1"]
[WhiteTeam "Richmond"]
[BlackTeam "Poisoned Pawns"]
[WhiteTeamCountry "ENG"]
[BlackTeamCountry "ENG"]

1. d4 Nf6 2. Nf3 e6 3. c3 c5 4. Bg5 h6 5. Bxf6 Qxf6 6. e4 d6 7. Nbd2 a6 8. a4 Nd7 9. Bc4 g6 10. 0-0 Bg7 11. Re1 0-0 12. Qe2 Qe7 13. Rad1 b6 14. Nf1 Bb7 15. Qd2 cxd4 16. cxd4 Rfc8 17. Rc1 Rc7 18. Bd3 Rac8 19. Rxc7 Rxc7 20. Rc1 Nf6 21. Ng3 Qd7 22. b3 Qc8 23. Rxc7 Qxc7 24. Kf1 h5 1/2-1/2

[Event "North Sea Cup 19th"]
[Site "Esbjerg"]
[Date "2004.07.10"]
[Round "9"]
[White "Damm, Kasper Wilken"]
[Black "Hansen, Hans Peter"]
[Result "1-0"]
[WhiteElo "2241"]
[BlackElo "2211"]
[PlyCount "79"]
[EventDate "2004.07.03"]
[EventType "swiss"]
[EventRounds "9"]
[EventCountry "DEN"]
[SourceTitle "CBM 101 Extra"]
[Source "ChessBase"]
[SourceDate "2004.09.01"]
[SourceVersion "2"]
[SourceVersionDate "2004.09.01"]
[SourceQuality "1"]

1. e4 e6 2. d4 d5 3. Nd2 Nf6 4. e5 Nfd7 5. Bd3 c5 6. c3 c4 7. Bc2 Be7 8. Ne2 b5 9. 0-0 Nc6 10. f4 g6 11. g4 h5 12. f5 gxf5 13. gxf5 exf5 14. Ng3 Nf8 15. Nxf5 Bxf5 16. Rxf5 Bg5 17. Nf3 Bxc1 18. Qxc1 Ne7 19. Rf6 Qd7 20. e6 fxe6 21. Ne5 Qc7 22. Kh1 Nc6 23. Bg6+ Nxg6 24. Rxe6+ Nce7 25. Nxg6 Rh7 26. Qg5 0-0-0 27. Rxe7 Rxe7 28. Qxe7 Qc6 29. Qc5 Qxc5 30. dxc5 Kc7 31. Nf4 Kc6 32. Rg1 Rd7 33. Rg6+ Kxc5 34. Ne2 b4 35. Nf4 Rd6 36. Rxd6 Kxd6 37. Kg2 a5 38. Kf3 a4 39. a3 Ke5 40. axb4 1-0

[Event "North Sea Cup 19th"]
[Site "Esbjerg"]
[Date "2004.07.08"]
[Round "7"]
[White "Christensen, Svend Ellegaard"]
[Black "Hansen, Hans Peter"]
[Result "0-1"]
[WhiteElo "2182"]
[BlackElo "2211"]
[PlyCount "110"]
[EventDate "2004.07.03"]
[EventType "swiss"]
[EventRounds "9"]
[EventCountry "DEN"]
[SourceTitle "CBM 101 Extra"]
[Source "ChessBase"]
[SourceDate "2004.09.01"]
[SourceVersion "2"]
[SourceVersionDate "2004.09.01"]
[SourceQuality "1"]

1. d4 c6 2. Nf3 g6 3. e4 Bg7 4. c3 d6 5. Be2 Nf6 6. e5 dxe5 7. dxe5 Qxd1+ 8. Bxd1 Ng4 9. Bf4 Nd7 10. e6 fxe6 11. h3 Nge5 12. Nxe5 Nxe5 13. Be2 0-0 14. Be3 b6 15. Nd2 Bb7 16. Nf3 c5 17. Nxe5 Bxe5 18. 0-0 Bd6 19. Rad1 a6 20. Bc4 Kf7 21. a4 Bc6 22. Bb3 b5 23. axb5 axb5 24. Ra1 Be4 25. Rfc1 c4 26. Bd1 Bd5 27. f3 Kg7 28. Bc2 Bg3 29. Rf1 h6 30. Bc5 Bd6 31. Bd4+ e5 32. Be3 Rab8 33. Ra5 Be6 34. Be4 Bf5 35. Rfa1 Bxe4 36. fxe4 g5 37. Rf1 Rxf1+ 38. Kxf1 Kg6 39. g4 Kf6 40. Kg2 Ke6 41. Ba7 Ra8 42. Bb6 Rb8 43. Be3 b4 44. Bd2 bxc3 45. Bxc3 Kd7 46. Ra4 Rc8 47. Ra5 Kc6 48. Ra6+ Kb7 49. Ra4 Kb6 50. Ra2 Bc7 51. b3 cxb3 52. Rb2 Kc5 53. Rxb3 Kc4 54. Rb1 Kxc3 55. Rc1+ Kd3 0-1

[Event "North Sea Cup 19th"]
[Site "Esbjerg"]
[Date "2004.07.06"]
[Round "5"]
[White "Jensen, Leif Haugaard"]
[Black "Hansen, Hans Peter"]
[Result "1-0"]
[WhiteElo "2057"]
[BlackElo "2211"]
[PlyCount "47"]
[EventDate "2004.07.03"]
[EventType "swiss"]
[EventRounds "9"]
[EventCountry "DEN"]
[SourceTitle "CBM 101 Extra"]
[Source "ChessBase"]
[SourceDate "2004.09.01"]
[SourceVersion "2"]
[SourceVersionDate "2004.09.01"]
[SourceQuality "1"]

1. e4 c5 2. f4 d6 3. c3 g6 4. g3 Bg7 5. Bg2 e5 6. d3 h5 7. Nf3 Bg4 8. h3 Bd7 9. 0-0 Qc8 10. Kh2 Nc6 11. Be3 Nf6 12. fxe5 Nxe5 13. Nxe5 dxe5 14. Nd2 h4 15. gxh4 Rxh4 16. Bg5 Rh5 17. Bxf6 Bxf6 18. Rxf6 Bxh3 19. Qxh5 gxh5 20. Bxh3 Qd8 21. Rf3 Qg5 22. Nc4 Rd8 23. Rg1 Qh6 24. Nxe5 1-0

[Event "North Sea Cup 19th"]
[Site "Esbjerg"]
[Date "2004.07.04"]
[Round "2"]
[White "Hansen, Hans Peter"]
[Black "Jakobsen, Christian K"]
[Result "1/2-1/2"]
[WhiteElo "2211"]
[BlackElo "2094"]
[PlyCount "26"]
[EventDate "2004.07.03"]
[EventType "swiss"]
[EventRounds "9"]
[EventCountry "DEN"]
[SourceTitle "CBM 101 Extra"]
[Source "ChessBase"]
[SourceDate "2004.09.01"]
[SourceVersion "2"]
[SourceVersionDate "2004.09.01"]
[SourceQuality "1"]

1. Nf3 c5 2. e3 Nc6 3. c4 g6 4. Nc3 Bg7 5. d4 b6 6. d5 Ne5 7. Nxe5 Bxe5 8. Qc2 f5 9. e4 f4 10. Ne2 Qc7 11. Bd2 Nf6 12. f3 0-0 13. Bc3 Ba6 1/2-1/2

[Event "BCF-chT2 0102 (4NCL)"]
[Site "Birmingham"]
[Date "2001.09.22"]
[Round "1.7"]
[White "Kieran, Rosalind"]
[Black "Hansen, Hans Peter"]
[Result "0-1"]
[WhiteElo "2083"]
[BlackElo "2144"]
[PlyCount "92"]
[EventDate "2001.09.22"]
[EventType "team"]
[EventRounds "11"]
[EventCountry "ENG"]
[SourceTitle "EXT 2003"]
[Source "ChessBase"]
[SourceDate "2002.11.25"]
[SourceVersion "1"]
[SourceVersionDate "2002.11.25"]
[SourceQuality "1"]
[WhiteTeam "Barbican III"]
[BlackTeam "Poisoned Pawns"]
[WhiteTeamCountry "ENG"]
[BlackTeamCountry "ENG"]

1. e4 c5 2. Nf3 d6 3. d4 cxd4 4. Nxd4 Nf6 5. Nc3 a6 6. Be3 e5 7. Nb3 Be6 8. f3 Nbd7 9. Qd2 b5 10. 0-0-0 b4 11. Na4 a5 12. g4 h6 13. h4 Qc7 14. Bb5 Rb8 15. Qe2 Be7 16. Kb1 Kf8 17. g5 Nh5 18. gxh6 g6 19. Qd3 Kg8 20. Rdg1 Kh7 21. Nd2 Rhc8 22. Ba6 Rd8 23. Bc4 Qc6 24. Bb3 Nc5 25. Nxc5 dxc5 26. Qf1 a4 27. Bc4 Bf8 28. Bd3 Bxh6 29. Bxh6 Kxh6 30. Rg5 f6 31. Rgg1 Nf4 32. Nc4 Bxc4 33. Bxc4 Rd4 34. Rg4 Rbd8 35. Rhg1 Qd7 36. Bd5 c4 37. Qf2 Qa7 38. Qg3 Qg7 39. Qf2 Qa7 40. Rc1 c3 41. Qg3 Kh7 42. Rxf4 exf4 43. Qxf4 R8xd5 44. Qxf6 Rd1 45. Qf4 Rxc1+ 46. Qxc1 Rd2 0-1

[Event "BCF-chT3a 0001 (4NCL)"]
[Site "Birmingham"]
[Date "2001.01.27"]
[Round "5.4"]
[White "Hansen, Hans Peter"]
[Black "Garner, David"]
[Result "0-1"]
[WhiteElo "2112"]
[BlackElo "2156"]
[PlyCount "100"]
[EventDate "2000.11.26"]
[EventType "team-tourn"]
[EventRounds "7"]
[EventCountry "ENG"]
[SourceTitle "EXT 2002"]
[Source "ChessBase"]
[SourceDate "2001.11.25"]
[SourceVersion "1"]
[SourceVersionDate "2001.11.25"]
[SourceQuality "1"]
[WhiteTeam "Poisoned Pawns II"]
[BlackTeam "Beeson Gregory III"]
[WhiteTeamCountry "ENG"]
[BlackTeamCountry "ENG"]

1. c4 Nf6 2. Nc3 g6 3. g3 Bg7 4. Bg2 0-0 5. d4 d6 6. Nf3 Nbd7 7. 0-0 c6 8. e4 e5 9. h3 Qb6 10. d5 cxd5 11. cxd5 Nc5 12. Qe2 Bd7 13. Be3 a5 14. Rfc1 Rfc8 15. Rab1 a4 16. Nd2 h5 17. b4 axb3 18. Nxb3 Qa7 19. Rc2 b6 20. Rcb2 Qa6 21. Nd2 Qxe2 22. Nxe2 Na4 23. Rb4 Rc2 24. a3 Rac8 25. Bf1 Kh7 26. f4 Bh6 27. Kf2 h4 28. gxh4 Nc3 29. fxe5 Nxb1 30. Rxb1 dxe5 31. Rxb6 Nh5 32. Nf3 Bf4 33. Ng5+ Kg7 34. Rb7 R8c7 35. Rxc7 Bxe3+ 36. Kxe3 Rxc7 37. Nf3 f6 38. Nd2 Bb5 39. a4 Bxa4 40. Ng1 Rc3+ 41. Kf2 Nf4 42. Ngf3 Kf7 43. Nc4 Nxh3+ 44. Bxh3 Rxc4 45. Be6+ Ke7 46. Nd2 Rc2 47. Ke3 Rc3+ 48. Kf2 Bd7 49. Bxd7 Kxd7 50. Nf1 Rh3 0-1

[Event "BCF-chT3a 0001 (4NCL)"]
[Site "Birmingham"]
[Date "2000.11.26"]
[Round "4.4"]
[White "Cooper, David M"]
[Black "Hansen, Hans Peter"]
[Result "1/2-1/2"]
[WhiteElo "1864"]
[BlackElo "2112"]
[PlyCount "58"]
[EventDate "2000.11.26"]
[EventType "team-tourn"]
[EventRounds "7"]
[EventCountry "ENG"]
[SourceTitle "EXT 2002"]
[Source "ChessBase"]
[SourceDate "2001.11.25"]
[SourceVersion "1"]
[SourceVersionDate "2001.11.25"]
[SourceQuality "1"]
[WhiteTeam "Warwicks Select"]
[BlackTeam "Poisoned Pawns II"]
[WhiteTeamCountry "ENG"]
[BlackTeamCountry "ENG"]

1. e4 c5 2. Nf3 d6 3. d4 cxd4 4. Qxd4 Bd7 5. c4 Nc6 6. Qd2 g6 7. Nc3 Bh6 8. Qd1 Bg7 9. Bd2 Nf6 10. Be2 0-0 11. 0-0 a6 12. h3 Rb8 13. Re1 Qb6 14. Rb1 Rfc8 15. Bf1 Nd4 16. Nxd4 Qxd4 17. Be3 Qxd1 18. Rbxd1 b5 19. c5 b4 20. Nd5 Nxd5 21. exd5 Bb5 22. cxd6 exd6 23. Bf4 Bxf1 24. Kxf1 Rb5 25. Bxd6 Rd8 26. Be5 Rdxd5 27. Rxd5 Rxd5 28. Bxg7 Kxg7 29. Re4 a5 1/2-1/2